<?xml version="1.0" encoding="UTF-8"?><?xml-stylesheet type="text/xsl" href="static/style.xsl"?><OAI-PMH xmlns="http://www.openarchives.org/OAI/2.0/" xmlns:xsi="http://www.w3.org/2001/XMLSchema-instance" xsi:schemaLocation="http://www.openarchives.org/OAI/2.0/ http://www.openarchives.org/OAI/2.0/OAI-PMH.xsd"><responseDate>2026-06-01T09:55:45Z</responseDate><request verb="GetRecord" identifier="oai:riuma.uma.es:10630/38654" metadataPrefix="marc">https://riuma.uma.es/rest/oai/request</request><GetRecord><record><header><identifier>oai:riuma.uma.es:10630/38654</identifier><datestamp>2026-02-03T11:04:46Z</datestamp><setSpec>com_10630_2254</setSpec><setSpec>col_10630_37953</setSpec></header><metadata><record xmlns="http://www.loc.gov/MARC21/slim" xmlns:dcterms="http://purl.org/dc/terms/" xmlns:doc="http://www.lyncode.com/xoai" xmlns:xsi="http://www.w3.org/2001/XMLSchema-instance" xsi:schemaLocation="http://www.loc.gov/MARC21/slim http://www.loc.gov/standards/marcxml/schema/MARC21slim.xsd">
   <leader>00925njm 22002777a 4500</leader>
   <datafield ind2=" " ind1=" " tag="042">
      <subfield code="a">dc</subfield>
   </datafield>
   <datafield ind2=" " ind1=" " tag="720">
      <subfield code="a">García-Barranquero, Pablo</subfield>
      <subfield code="e">author</subfield>
   </datafield>
   <datafield ind2=" " ind1=" " tag="720">
      <subfield code="a">Pérez-González, Saúl</subfield>
      <subfield code="e">author</subfield>
   </datafield>
   <datafield ind2=" " ind1=" " tag="260">
      <subfield code="c">2025-05-05</subfield>
   </datafield>
   <datafield ind2=" " ind1=" " tag="520">
      <subfield code="a">Aging research is often framed within pluralistic frameworks that emphasize cellular and molecular damage processes. Among the most influential are Strategies for Engineered Negligible Senescence (SENS), which aims to counteract biological decline through targeted damage repair, and the Hallmarks of Aging (HoA), which seeks to identify fundamental mechanisms underlying this process. Both proposals, although diverse, significantly influence contemporary approaches to the challenges posed by aging. However, despite extensive discussion, we contend that key conceptual and methodological aspects remain insufficiently explored. This paper seeks to advance the debate by critically analyzing and comparing their foundational goals, theoretical premises, and research frameworks. Specifically, we examine their definitions of aging, perspectives on health and disease, approaches to scientific evidence and causal interventions, and communications strategies. In doing so, we aim to contribute to a deeper understanding and more nuanced assessment of both SENS and the HoA.</subfield>
   </datafield>
   <datafield ind1="8" ind2=" " tag="024">
      <subfield code="a">García-Barranquero, P., Pérez-González, S. SENS vs. the hallmarks of aging: competing visions, shared challenges. Biogerontology 26, 103 (2025). https://doi.org/10.1007/s10522-025-10248-5</subfield>
   </datafield>
   <datafield ind1="8" ind2=" " tag="024">
      <subfield code="a">https://hdl.handle.net/10630/38654</subfield>
   </datafield>
   <datafield ind1="8" ind2=" " tag="024">
      <subfield code="a">10.1007/s10522-025-10248-5</subfield>
   </datafield>
   <datafield tag="653" ind2=" " ind1=" ">
      <subfield code="a">Envejecimiento</subfield>
   </datafield>
   <datafield tag="653" ind2=" " ind1=" ">
      <subfield code="a">Gerontología</subfield>
   </datafield>
   <datafield ind2="0" ind1="0" tag="245">
      <subfield code="a">SENS vs. the hallmarks of aging: competing visions, shared challenges</subfield>
   </datafield>
</record>
</metadata></record></GetRecord></OAI-PMH>